The Sankhya aphorisms of Kapila: (Record no. 596373)

MARC details
000 -LEADER
fixed length control field 01355nam a2200373 a 4500
001 - CONTROL NUMBER
control field vtls000735561
003 - CONTROL NUMBER IDENTIFIER
control field NLI
005 - DATE AND TIME OF LATEST TRANSACTION
control field 20210627043914.0
008 - FIXED-LENGTH DATA ELEMENTS--GENERAL INFORMATION
fixed length control field 110317s2003 ii e 000 0 eng d
020 ## - INTERNATIONAL STANDARD BOOK NUMBER
International Standard Book Number 9788121509831
Terms of availability 400.00
039 #9 - LEVEL OF BIBLIOGRAPHIC CONTROL AND CODING DETAIL [OBSOLETE]
Level of rules in bibliographic description 201208271932
Level of effort used to assign nonsubject heading access points krishanuc
Level of effort used to assign subject headings 201205161909
Level of effort used to assign classification Chanchalg
Level of effort used to assign subject headings 201103171851
Level of effort used to assign classification Chanchalg
Level of effort used to assign subject headings 201103171851
Level of effort used to assign classification Chanchalg
-- 201103171848
-- Chanchalg
040 ## - CATALOGING SOURCE
Original cataloging agency NLI:
Language of cataloging eng
041 0# - LANGUAGE CODE
Language code of text/sound track or separate title eng
044 ## - COUNTRY OF PUBLISHING/PRODUCING ENTITY CODE
MARC country code ii
082 04 - DEWEY DECIMAL CLASSIFICATION NUMBER
Classification number 181.41
Edition number 22
100 1# - MAIN ENTRY--PERSONAL NAME
Personal name Kapila
9 (RLIN) 725731
240 1# - UNIFORM TITLE
Uniform title [Sankhyasutra.
Language of a work English & Sanskrit]
245 14 - TITLE STATEMENT
Title The Sankhya aphorisms of Kapila:
Remainder of title with extract from Vijnanabhiksu's commentary/
Statement of responsibility, etc. edited and translated by James R. Ballantyne
250 ## - EDITION STATEMENT
Edition statement 2nd ed.
260 ## - PUBLICATION, DISTRIBUTION, ETC.
Place of publication, distribution, etc. New Delhi :
Name of publisher, distributor, etc. Munshiram Manoharlal Pub.,
Date of publication, distribution, etc. c2003
500 ## - GENERAL NOTE
General note Text in English and Sanskrit
650 #0 - SUBJECT ADDED ENTRY--TOPICAL TERM
Topical term or geographic name entry element Philosophy, Hindu
650 #0 - SUBJECT ADDED ENTRY--TOPICAL TERM
Topical term or geographic name entry element Sankhya
9 (RLIN) 725732
650 #0 - SUBJECT ADDED ENTRY--TOPICAL TERM
Topical term or geographic name entry element Sankhya
Chronological subdivision Early works to 1800
9 (RLIN) 725733
700 1# - ADDED ENTRY--PERSONAL NAME
Personal name Battantayne, James Robert,
Dates associated with a name 1813-1864
9 (RLIN) 725734
887 ## - NON-MARC INFORMATION FIELD
Content of non-MARC field chanchalg
901 ## - LOCAL DATA ELEMENT A, LDA (RLIN)
a DB94620 :
b 28.09.2004
902 ## - LOCAL DATA ELEMENT B, LDB (RLIN)
a E 181.41 K 141 (1)
904 ## - LOCAL DATA ELEMENT D, LDD (RLIN)
a chanchalg
949 ## - LOCAL PROCESSING INFORMATION (OCLC)
-- VIRTUAITEM
-- 10000
-- 100
6 DBA000094620ENG
942 ## - ADDED ENTRY ELEMENTS (KOHA)
Source of classification or shelving scheme Dewey Decimal Classification
Koha item type Books
Holdings
Withdrawn status Lost status Damaged status Not for loan Collection code Home library Current library Shelving location Date acquired Total Checkouts Full call number Barcode Date last seen Cost, replacement price Price effective from Koha item type
        New English National Library of India National Library of India New English - Main Stack Division     E 181.41 K 141 (1) DBA000094620ENG 27/06/2021 400.00 27/06/2021 Books
                                                                           
web counter

Copyright ©2020 The National Library of India, Govt. of India ↔ Hosted by NVLI, MOC ↔ Technology and Design by National Library of India, Ministry of Culture, Govt. of India